Asaí (Euterpe precatoria) : (Registro nro. 18265)

Detalles MARC
000 -CABECERA
Campo de control 01317nam a22002897a 4500
005 - FECHA Y HORA DE LA ULTIMA TRANSACCION
Campo de control 20160407170232.0
008 - ELEMENTOS DE LONGITUD FIJA—INFORMACION GENERAL
Campo de control 160407b2015 ck ado fr|||| 00| 0 spa d
020 ## - ISBN
ISBN 9588317854
040 ## - FUENTE DE CATALOGACIÓN
Agencia catalogadora original CO-BoIAVH
Agencia transcriptora CO-BoIAVH
041 0# - IDIOMA
Código de idioma para texto/pista de sonido o título separado Español
044 ## - PAÍS DE PUBLICACIÓN
País de publicación Colombia
082 04 - NUMERO DE CLASIFICACION DECIMAL DEWEY
Número de clasificación 561.45
Número del ítem C35a
100 1# - ASIENTO PRINCIPAL--NOMBRE PERSONAL
Nombre personal Castro Rodríguez, Sandra Yanneth
9 (RLIN) 64973
245 10 - MENCION DE TITULO
Título Asaí (Euterpe precatoria) :
Parte restante del título Cadena de valor en el sur de la región amazónica /
Mención de responsabilidad Sandra Yannet Castro Rodríguez [y otros 3]
250 ## - MENCION DE EDICION
Mención de edición Primera edición
260 ## - PUBLICACION, DISTRIBUCION, ETC. (PIE DE IMPRENTA)
Lugar de publicación, distribución, etc. Bogotá :
Nombre del editor, distribuidor, etc. Instituto Amazónico de Investigaciones Científicas - Sinchi,
Fecha de publicación, distribución, etc. 2015.
300 ## - DESCRIPCION FISICA
Extensión 141 páginas :
Otros detalles físicos ilustraciones a color, tablas, gráficas y fotografías a color ;
Dimensiones 24 x 17 centímetros
504 ## - NOTA DE BIBLIOGRAFIA, ETC.
Nota de bibliografía Incluye referencias bibliográficas: páginas 137-141
650 #4 - ASIENTO SECUNDARIO DE MATERIA - TERMINO TEMATICO
Término temático o nombre geográfico como elemento de entrada Euterpe Precatoria
Subdivisión general plan de manejo
Subdivisión geográfica Amazonía (Región, Colombia)
9 (RLIN) 64978
650 #6 - ASIENTO SECUNDARIO DE MATERIA - TERMINO TEMATICO
Término temático o nombre geográfico como elemento de entrada Arecaceae
Subdivisión general plan de manejo
Subdivisión geográfica Amazonía (Región, Colombia)
9 (RLIN) 64979
650 #6 - ASIENTO SECUNDARIO DE MATERIA - TERMINO TEMATICO
Término temático o nombre geográfico como elemento de entrada Palmas
Subdivisión general plan de manejo
Subdivisión geográfica Amazonía (Región, Colombia)
9 (RLIN) 64980
650 #6 - ASIENTO SECUNDARIO DE MATERIA - TERMINO TEMATICO
Término temático o nombre geográfico como elemento de entrada Euterpe
Subdivisión geográfica Amazonía (Región, Colombia)
9 (RLIN) 64981
700 1# - ASIENTO SECUNDARIO - NOMBRE PERSONAL
Nombre personal Barrera García, Jaime Alberto
Término de relación autor
9 (RLIN) 477
700 1# - ASIENTO SECUNDARIO - NOMBRE PERSONAL
Nombre personal Carrillo Bautista, Marcela Piedad
Término de relación autora
9 (RLIN) 57681
700 1# - ASIENTO SECUNDARIO - NOMBRE PERSONAL
Nombre personal Hernández Gómez, María Soledad
Término de relación autora
9 (RLIN) 478
942 ## - ELEMENTOS ADICIONALES (KOHA)
Sistema de clasificación Dewey Decimal Classification
Tipo de ítem Libro
Existencias
Withdrawn status Lost status Sistema de Clasificación Damaged status No para préstamo Colección Inventariado Ubicación Permanente Ubicación actual Fecha de adquisición Fuente de Valor Valor Total Checkouts Número topográfico Inventario / Código de Barras Date last seen Ejemplar Price effective from Forma de adquisición Tipo de material
    Dewey Decimal Classification     General Inventariado 2017 Bogotá Bogotá 07/04/2016 Instituto 39000.00   LB-561.45 C35a 039913 07/04/2016 Ej. 1 07/04/2016   Libro